00997cam a22003494i 4500003000900000005001700009008004100026035001800067040003300085082001900118100003000137245007700167264005500244300003900299336002100338337002500359338002300384490004200407505005700449526001000506526001000516526001000526526001000536526000800546526000800554526000800562526000800570526000800578526000800586526000800594630004500602PE-LiUPU20250731173453.0150616s1988 xxk r 000 0 spa d a(Sirsi) a6530 aPE-LiUPUbspacPE-LiUPUerda04a220.7bICC2211 aToy, Crawford H.,eautor.10aProverbs; A Critical And Exegetical Commentary..n20 /cCrawford H. Toy. 1aEdinburgh, Gran Bretaña :bT. & T. Clark,c1988. a554 páginas ;c21 centímetros. atext2rdacontent aunmediated2rdamedia avolume2rdacarrier1 aThe International Critical Commentary0 aComentarios sobre el libro de Proverbios Proverbios. aSEG42 aSEG41 aSEG40 aSEG39 aP94 aP87 aP86 aP85 aP77 aP76 aP35 aBiblia.pA.T.pProverbiosvDiccionarios.